00557nam a2200205 a 450000100060000000300080000600500170001400800410003103500190007204000280009104100080011908200220012710000240014924500660017325000120023926000460025130000250029765000150032265000140033749880BD-RjUL20211209054737.0160823s19521949enk b 000 0 eng  a(BD-RjUL)50000 aDLCcDNIEdBD-RjULbeng aeng 223a372bCAL 195410aCatty, Nancyd1873-10aLearning and teaching in the junior school /cby Nancy Catty. a3rd ed. aLondon :bMethuen,c1949 [reprinted 1954] aix, 124 p. ;c19 cm. 0aEducation. 0aTeaching.